000
00272nam a22001337a 4500
003
SGT
020
_a
9789351340072
082
_a
346
_b
MAT
100
_a
MATHUR SATISH R
245
_a
BUSINESS LAW
260
_b
MC GRAW HILL
_c
2015
300
_a
837
942
_2
ddc
_c
BK
_0
4
999
_c
16281
_d
16281